000237479 001__ 237479
000237479 005__ 20250112183545.0
000237479 022__ $$2(DE-600)2787903-3$$a0003-5548
000237479 022__ $$a0003-5548$$l0003-5548
000237479 022__ $$a2363-7099
000237479 0247_ $$2ZDBID$$aPERI:(DE-600)2884680-1
000237479 0247_ $$2ZDBPPN$$aZDPPN:1125725591
000237479 0247_ $$2EZBID$$aPERI:(DE-606)119155
000237479 0247_ $$2EZBID$$aPERI:(DE-606)169105
000237479 0247_ $$2OCLC$$aOCLC:1368486817
000237479 0247_ $$2SCOPUS$$aSCOPUS:33257
000237479 0247_ $$2Medline$$amedline:0372377
000237479 0247_ $$2JCR$$aJCR:ANTHROPOL ANZ
000237479 0247_ $$2ISI$$aWOS:ANTHROPOLOGISCHER ANZEIGER
000237479 030__ $$aAANZA
000237479 035__ $$aPERI:(DE-600)2884680-1
000237479 040__ $$a4002$$bger$$cDE-101$$dJOIN²$$eJOIN² journal identification
000237479 041__ $$aeng
000237479 044__ $$cXA-DE
000237479 082__ $$223sdnb$$a610$$qDE-600
000237479 08274 $$223sdnb$$a610$$qDE-600
000237479 2100_ $$2iso$$aAnthropol Anz
000237479 2100_ $$2dnlm$$aAnthropol Anz
000237479 2100_ $$2iso$$aAnthropol Anz
000237479 24220 $$2DE-600$$aJournal of biological and clinical anthropology$$bAnthropologischer Anzeiger : Mitteilungsorgan der Gesellschaft für Anthropologie$$yen
000237479 24220 $$2DE-600$$aJournal of biological and clinical anthropology$$bAnthropologischer Anzeiger : Mitteilungsorgan der Gesellschaft für Anthropologie
000237479 245__ $$2DE-600$$aJournal of biological and clinical anthropology$$bAnthropologischer Anzeiger : Mitteilungsorgan der Gesellschaft für Anthropologie$$hprint, online
000237479 2463_ $$2DE-600$$aJournal of biological and clinical anthropology
000237479 2463_ $$aJournal of biological and clinical anthropology
000237479 2463_ $$aAnthropologischer Anzeiger (ältere Jahrgänge via JSTOR)
000237479 2463_ $$aAnthropologischer Anzeiger: Bericht uber die biologisch-anthropologische Literatur
000237479 2463_ $$aANTHROPOLOGISCHER ANZEIGER
000237479 2463_ $$aAnthropologischer Anzeiger (2009-)
000237479 260__ $$aStuttgart, Germany$$bSchweizerbart science publishers$$c2014-
000237479 26431 $$aStuttgart, Germany$$bSchweizerbart science publishers$$c2014-
000237479 3620_ $$2DE-600$$aVolume 71, no 1/2 (2014)-
000237479 36301 $$2DE-600$$81.1\x$$a71$$b1$$i2014
000237479 380__ $$2marcgt$$ajournal
000237479 500__ $$aAutomatically generated record. (Updated: 2024-12-28)
000237479 650_7 $$0ASJC:1103$$2ASJC$$aAnimal Science and Zoology
000237479 650_7 $$0ASJC:3314$$2ASJC$$aAnthropology
000237479 650_7 $$0ASJC:1105$$2ASJC$$aEcology, Evolution, Behavior and Systematics
000237479 65310 $$2EZB-Subject$$aPhilosophie
000237479 65310 $$2EZB-Subject$$aEthnologie
000237479 65310 $$2EZB-Keyword$$aAllgemeine Ethnographie
000237479 7102_ $$0(DE-101)955319307$$2gnd$$4isb$$aGesellschaft für Anthropologie$$eHerausgebendes Organ
000237479 77608 $$2DE-600$$dStuttgart : Schweizerbart, 2014-$$iErscheint auch als$$nDruck-Ausgabe$$tJournal of biological and clinical anthropology$$w(DE-600)2787903-3$$x0003-5548
000237479 78000 $$2DE-600$$dStuttgart : Schweizerbart, 1924-2013$$hOnline-Ressource$$iFortsetzung von$$tAnthropologischer Anzeiger$$w(DE-600)2493565-7$$x2363-7099
000237479 8564_ $$d0$$uhttps://ezb.ur.de/?2884680-1$$yEZB
000237479 8564_ $$d0$$uhttps://www.jstor.org/journal/anthanze$$yDigitalisierung; jeweils die letzten 6 Jahre nicht verfügbar
000237479 8564_ $$d0$$uhttps://www.schweizerbart.de/papers/anthranz/volumes$$yVerlag
000237479 8801_ $$2DE-600$$aJournal of biological and clinical anthropology$$bAnthropologischer Anzeiger : Mitteilungsorgan der Gesellschaft für Anthropologie
000237479 909CO $$ooai:juser.fz-juelich.de:890844$$pauthority$$pauthority:PERI
000237479 909CO $$ooai:juser.fz-juelich.de:890844
000237479 915__ $$0StatID:(DE-HGF)0430$$2StatID$$aNational-Konsortium$$d2024-12-28$$wger
000237479 915__ $$0StatID:(DE-HGF)0200$$2StatID$$aDBCoverage$$bSCOPUS$$d2024-12-28
000237479 915__ $$0StatID:(DE-HGF)0300$$2StatID$$aDBCoverage$$bMedline$$d2024-12-28
000237479 915__ $$0StatID:(DE-HGF)0100$$2StatID$$aJCR$$bANTHROPOL ANZ : 2022$$d2024-12-28
000237479 915__ $$0StatID:(DE-HGF)0199$$2StatID$$aDBCoverage$$bClarivate Analytics Master Journal List$$d2024-12-28
000237479 915__ $$0StatID:(DE-HGF)1040$$2StatID$$aDBCoverage$$bZoological Record$$d2024-12-28
000237479 915__ $$0StatID:(DE-HGF)1050$$2StatID$$aDBCoverage$$bBIOSIS Previews$$d2024-12-28
000237479 915__ $$0StatID:(DE-HGF)0160$$2StatID$$aDBCoverage$$bEssential Science Indicators$$d2024-12-28
000237479 915__ $$0StatID:(DE-HGF)1180$$2StatID$$aDBCoverage$$bCurrent Contents - Social and Behavioral Sciences$$d2024-12-28
000237479 915__ $$0StatID:(DE-HGF)1190$$2StatID$$aDBCoverage$$bBiological Abstracts$$d2024-12-28
000237479 915__ $$0StatID:(DE-HGF)0130$$2StatID$$aDBCoverage$$bSocial Sciences Citation Index$$d2024-12-28
000237479 915__ $$0StatID:(DE-HGF)9900$$2StatID$$aIF < 5$$d2024-12-28
000237479 936__ $$aFrühere Jahrgänge noch sehr lückenhaft, werden aber laufend digitalisiert.

In 2002, absorbs Zeitschrift für Morphologie und Anthropologie
000237479 980__ $$aPERI
000237479 980__ $$aAUTHORITY